Домашний быт русского народа в XVI и XVII столетиях: В 3-х кн.

Bibliographic Details
Main Author: Забелин И. Е. Иван Егорович
Language:Russian
Published: Москва, Языки русской культуры, 2000-
Format: Book
KOHA link:https://koha.lib.tpu.ru/cgi-bin/koha/opac-detail.pl?biblionumber=38021

MARC

LEADER 00000nam0a2200000 4500
001 38021
005 20231031004840.0
035 |a (RuTPU)RU\TPU\book\38633 
090 |a 38021 
100 |a 20020215d m y0rusy50 ca 
101 0 |a rus 
102 |a RU 
105 |a y z 000zy 
200 1 |a Домашний быт русского народа в XVI и XVII столетиях  |e В 3-х кн.  |f И. Е. Забелин 
210 |a Москва  |c Языки русской культуры  |d 2000- 
686 |a Т3(2)4  |v LBC/SL-A  |2 rubbk 
686 |a Т52(2)  |v LBC/SL-A  |2 rubbk 
700 1 |a Забелин  |b И. Е.  |g Иван Егорович 
801 1 |a RU  |b 63413507  |c 20020215  |g PSBO 
801 2 |a RU  |b 63413507  |c 20051025  |g PSBO 
942 |c BK